| 000 | 02465nam a22003377i 4500 | ||
|---|---|---|---|
| 001 | 768714001 | ||
| 003 | CO-MdFUSB | ||
| 005 | 20210927142511.0 | ||
| 007 | ta | ||
| 008 | 200623t2002 ck |||| |||| 00| 0 spa d | ||
| 020 | _a9589482341 | ||
| 040 |
_aCO-MdFUSB _bspa _cCO-MdFUSB _dCO-MdFUSBC _erda |
||
| 041 | _aspa | ||
| 082 |
_223 _a370.115 _bC829 |
||
| 100 |
_aCortina, Adela. _eautor |
||
| 245 |
_aEducación en valores y responsabilidad cívica _c/ Adela Cortina |
||
| 264 | 1 |
_aBogotá, Colombia : _bEl Búho, _c[2002] |
|
| 264 | 4 | _c©2002 | |
| 300 |
_c152 páginas ; _a22 cm |
||
| 336 |
_2rdacontent _atexto _btxt |
||
| 337 |
_2rdamedia _asin mediación _bn |
||
| 338 |
_2rdacarrier _avolumen _bnc |
||
| 505 | _aA modo de introducción: el catador de valores -- Educación y sociedad -- Republicanismo moral -- La sociedad del conocimiento -- Una vida de calidad -- El sentido de la justicia y el sentido de la gratitud -- El vigor de los valores morales para la convivencia -- Ética y sociedad. Entre los mínimos de justicia y los máximos de felicidad -- La revitalización de la filosofía práctica --El pluralismo moral, en serio -- Mínimos de justicia y máximos de felicidad -- Ética pública de mínimos y éticas públicas de máximos -- Cooperación entre la ética cívica y las éticas de máximos -- La educación del hombre y del ciudadano -- Filósofos kantianos, constituciones rawisiana, pueblo hobbesiano -- Las raíces antropológicas de la moral: la protomoral -- 'Qué entendemos por "moral" cuando queremos educar en ella? -- Ética y política: moral cívica para una ciudadanía cosmopolita -- Tres décadas de filosofía práctica -- Ciudadanía cosmopolita -- Una base existente: la moral cívica -- Cuatro modelos de fundamentación ética -- Asumir responsabilidades globales: de los derechos a las responsabilidades, del contrato al reconocimiento -- De los derechos a las responsabilidades -- Propuesta para una sociedad global justa -- La responsabilidad de los filósofos: dar razón de la responsabilidad -- La tradición dialógica: el principio corresponsabilidad -- Nada de lo humano puede resultarme ajeno -- Tres breves palabras -- Aporofobia -- Contra pereza, diligencia -- Resolver los conflictos, hacer la justicia. | ||
| 563 | _aRústico | ||
| 650 | 7 |
_aÉtica social. _9186 |
|
| 650 | 0 |
_aEducación _9984 |
|
| 650 | 0 |
_aCivismo _91720 |
|
| 653 | _aEducación en valores. | ||
| 942 | _cBK | ||
| 945 | _aDani | ||
| 999 |
_c66240 _d66240 |
||